Normal view
MARC view
Entry Personal Name
001 - CONTROL NUMBER
- control field: 2015
003 - CONTROL NUMBER IDENTIFIER
- control field: OSt
005 - DATE AND TIME OF LATEST TRANSACTION
- control field: 20150714135126.0
008 - FIXED-LENGTH DATA ELEMENTS
- fixed length control field: 150714|| aca||aabn | a|a d
040 ## - CATALOGING SOURCE
- Original cataloging agency: OSt
- Transcribing agency: OSt
100 ## - HEADING--PERSONAL NAME
- Personal name: दास, मनोज
670 ## - SOURCE DATA FOUND
- Source citation: Work cat.: (OSt): 115/5 दास, मनोज , पतंग/धन का खजाना/दुर्जन की मुक्ति/किरात और अर्जुन की लडाई/कृष्णकर्ण गुप्त वार्ता , 2002









